The Life millennium : (Record no. 40592)
[ view plain ]
| 000 -LEADER | |
|---|---|
| fixed length control field | 00557cam a2200205 a 4500 |
| 001 - CONTROL NUMBER | |
| control field | 142944 |
| 005 - DATE AND TIME OF LATEST TRANSACTION | |
| control field | 20180119074945.0 |
| 008 - FIXED-LENGTH DATA ELEMENTS--GENERAL INFORMATION | |
| fixed length control field | 980921s1998 nyua 000 0deng d |
| 010 ## - LIBRARY OF CONGRESS CONTROL NUMBER | |
| LC control number | 98066347 |
| 020 ## - INTERNATIONAL STANDARD BOOK NUMBER | |
| International Standard Book Number | 082122557X |
| 035 ## - SYSTEM CONTROL NUMBER | |
| System control number | (OCoLC)39858379 |
| 040 ## - CATALOGING SOURCE | |
| Original cataloging agency | InMtv |
| Transcribing agency | InMtv |
| Modifying agency | O |
| -- | DLC |
| 041 ## - LANGUAGE CODE | |
| Language code of text/sound track or separate title | eng |
| 042 ## - AUTHENTICATION CODE | |
| Authentication code | lccopycat |
| 080 ## - UNIVERSAL DECIMAL CLASSIFICATION NUMBER | |
| Universal Decimal Classification number | 09.82 JAM |
| 082 00 - DEWEY DECIMAL CLASSIFICATION NUMBER | |
| Classification number | 909.82 JAM |
| Edition number | 21 |
| 100 ## - Rafti | |
| Rafti | 42 |
| 101 ## - Shkurtesa | |
| Shkurtesa | HIS |
| 245 04 - TITLE STATEMENT | |
| Title | The Life millennium : |
| Statement of responsibility, etc | [editor, Robert Friedman]. |
No items available.